ბათუმის შოთა რუსთაველის სახელმწიფო უნივერსიტეტის ბიბლიოთეკა

Counterexamples in topology / (ბიბ.ჩანაწერი № 50575)

000 -LEADER
fixed length control field 01184pam a2200313 a 4500
001 - CONTROL NUMBER
control field 4450963
005 - DATE AND TIME OF LATEST TRANSACTION
control field 20200207145313.0
008 - FIXED-LENGTH DATA ELEMENTS--GENERAL INFORMATION
fixed length control field 950327r19951978nyua b 001 0 eng
010 ## - LIBRARY OF CONGRESS CONTROL NUMBER
LC control number 95012763
020 ## - INTERNATIONAL STANDARD BOOK NUMBER
International Standard Book Number 048668735X (pbk.)
040 ## - CATALOGING SOURCE
Original cataloging agency DLC
Transcribing agency DLC
Modifying agency DLC
041 ## - LANGUAGE CODE
Language code of text/sound track or separate title eng
050 00 - LIBRARY OF CONGRESS CALL NUMBER
Classification number QA611.3
Item number .S74 1995
080 ## - UNIVERSAL DECIMAL CLASSIFICATION NUMBER
Universal Decimal Classification number 515.1 S-82
082 00 - DEWEY DECIMAL CLASSIFICATION NUMBER
Classification number 514/.3
Edition number 20
100 1# - MAIN ENTRY--PERSONAL NAME
Personal name Steen, Lynn Arthur,
Dates associated with a name 1941-
9 (RLIN) 6897
245 10 - TITLE STATEMENT
Title Counterexamples in topology /
Statement of responsibility, etc. Lynn Arthur Steen and J. Arthur Seebach, Jr.
260 ## - PUBLICATION, DISTRIBUTION, ETC.
Place of publication, distribution, etc. New York :
Name of publisher, distributor, etc. Dover Publications,
Date of publication, distribution, etc. 1995.
300 ## - PHYSICAL DESCRIPTION
Extent xi, 244 p. :
Other physical details ill. ;
Dimensions 22 cm.
500 ## - GENERAL NOTE
General note Originally published: 2nd ed. New York : Springer-Verlag, 1978.
504 ## - BIBLIOGRAPHY, ETC. NOTE
Bibliography, etc. note Includes bibliographical references (p. 228-235) and index.
650 #0 - SUBJECT ADDED ENTRY--TOPICAL TERM
Topical term or geographic name entry element Topological spaces.
9 (RLIN) 6898
653 ## - INDEX TERM--UNCONTROLLED
keyword ტოპოლოგია
700 1# - ADDED ENTRY--PERSONAL NAME
Personal name Seebach, J. Arthur.
9 (RLIN) 6899
856 42 - ELECTRONIC LOCATION AND ACCESS
Materials specified Publisher description
Uniform Resource Identifier http://www.loc.gov/catdir/description/dover032/95012763.html
906 ## - LOCAL DATA ELEMENT F, LDF (RLIN)
a 7
b cbc
c orignew
d 1
e ocip
f 19
g y-gencatlg
942 ## - ADDED ENTRY ELEMENTS (KOHA)
Source of classification or shelving scheme
Koha item type წიგნი
ეგზემპლარები
Withdrawn status Lost status Source of classification or shelving scheme Damaged status Not for loan Permanent Location Current Location Shelving location Date acquired Cost, normal purchase price Full call number Barcode Date last seen Copy number Price effective from Koha item type Public note
          ბათუმის შოთა რუსთაველის სახელმწიფო უნივერსიტეტის მთავარი ბიბლიოთეკა ბათუმის შოთა რუსთაველის სახელმწიფო უნივერსიტეტის მთავარი ბიბლიოთეკა წიგნსაცავი 2018-12-17 40.00 515.1 S-82 639 2018-12-17 639 2018-12-17 წიგნი 40 ლ.
          ბათუმის შოთა რუსთაველის სახელმწიფო უნივერსიტეტის მთავარი ბიბლიოთეკა ბათუმის შოთა რუსთაველის სახელმწიფო უნივერსიტეტის მთავარი ბიბლიოთეკა წიგნსაცავი 2018-12-17 40.00 515.1 S-82 640 2018-12-17 640 2018-12-17 წიგნი 40 ლ.